000 00693nam a22001697a 4500
999 _c60901
_d60901
005 20231115150405.0
008 231115s1959 ru ||||| |||| 00| 0 rus d
041 _arus
080 _a902/904 A-18
100 _aАвдусин, Д. А.
_920400
245 _aАрхеологические разведки и раскопки /
_cД. А. Авдусин;
264 _a М.:
_bИздательство Московского Университета,
_c1959.
300 _a314 с. :
_bил.;
_c20 см.
653 _aარქეოლოგიური გამოკვლევა და გათხრები
653 _aარქეოლოგია
942 _2udc
_cᲬᲘᲒᲜᲘ